[Event "Festival INGEM - PLZEŇ 2013"]
[Site "Plzeň (Česká republika)"]
[Date "2013.08.21"]
[Round "6.7"]
[White "Haba, Zdenek"]
[Black "Goldobin, Tomas"]
[Result "1-0"]
[WhiteElo "2241"]
[BlackElo "2019"]
[PlyCount "41"]
[EventDate "2013.08.17"]
[Source "ChessBase"]
[SourceDate "1996.11.15"]

1. d4 Nf6 2. c4 e6 3. g3 Bb4+ 4. Bd2 Bxd2+ 5. Nxd2 d5 6. Bg2 O-O 7. Ngf3 b6 8.
Qc2 Bb7 9. Rc1 Na6 10. O-O c5 11. dxc5 bxc5 12. cxd5 exd5 13. Rfd1 Qe7 14. Nb3
Rac8 15. a3 Rfe8 16. e3 d4 17. exd4 cxd4 18. Qd3 Rxc1 19. Rxc1 Qe2 20. Qxe2
Rxe2 21. Nfxd4 1-0

[Event "Festival INGEM - PLZEŇ 2013"]
[Site "Plzeň (Česká republika)"]
[Date "2013.08.21"]
[Round "6.8"]
[White "Kozusek, Daniel"]
[Black "Sabuk, Piotr"]
[Result "1/2-1/2"]
[WhiteElo "2078"]
[BlackElo "2239"]
[PlyCount "49"]
[EventDate "2013.08.17"]
[Source "ChessBase"]
[SourceDate "1996.11.15"]

1. Nf3 d5 2. g3 Nf6 3. Bg2 c5 4. O-O Nc6 5. d3 g6 6. Nbd2 Bg7 7. e4 O-O 8. Re1
Qc7 9. Qe2 Rd8 10. e5 Ng4 11. c4 d4 12. Nb3 Ncxe5 13. Bf4 f6 14. Bxe5 Nxe5 15.
Nxe5 fxe5 16. Nd2 Rf8 17. h3 Bf5 18. g4 Bd7 19. Nf3 e4 20. Qxe4 Bc6 21. Qe6+
Kh8 22. Ne5 Rf6 23. Nf7+ Kg8 24. Nh6+ Kh8 25. Nf7+ 1/2-1/2

[Event "Festival INGEM - PLZEŇ 2013"]
[Site "Plzeň (Česká republika)"]
[Date "2013.08.21"]
[Round "6.9"]
[White "Siembab, Bartosz"]
[Black "Kalista, Karel"]
[Result "1-0"]
[WhiteElo "2223"]
[BlackElo "1880"]
[PlyCount "49"]
[EventDate "2013.08.17"]
[Source "ChessBase"]
[SourceDate "1996.11.15"]

1. d4 Nf6 2. c4 e6 3. Nf3 Bb4+ 4. Bd2 Bxd2+ 5. Qxd2 d6 6. Nc3 Nc6 7. O-O-O Qe7
8. e4 e5 9. Nd5 Nxd5 10. exd5 Nb8 11. dxe5 O-O 12. exd6 cxd6 13. Bd3 f5 14.
Rde1 Qf6 15. Qg5 Na6 16. Qxf6 Rxf6 17. Re8+ Rf8 18. Re7 Rf7 19. Rxf7 Kxf7 20.
Nd4 Nb4 21. Bxf5 Nxa2+ 22. Kc2 a5 23. Re1 Nb4+ 24. Kc3 g6 25. Be6+ 1-0

[Event "Festival INGEM - PLZEŇ 2013"]
[Site "Plzeň (Česká republika)"]
[Date "2013.08.21"]
[Round "6.10"]
[White "Janecek, Pavel"]
[Black "Folk, Petr"]
[Result "0-1"]
[WhiteElo "1892"]
[BlackElo "2218"]
[PlyCount "88"]
[EventDate "2013.08.17"]
[Source "ChessBase"]
[SourceDate "1996.11.15"]

1. e4 c5 2. d4 cxd4 3. c3 Nf6 4. e5 Nd5 5. Nf3 Nc6 6. Bc4 Nb6 7. Bb3 d5 8. exd6
Qxd6 9. O-O Be6 10. Bxe6 Qxe6 11. Nxd4 Nxd4 12. cxd4 Rd8 13. Be3 g6 14. Re1 Qf5
15. Qb3 Bg7 16. Qa3 O-O 17. Qxa7 Nc4 18. Nc3 Rd7 19. b3 Nxe3 20. fxe3 Qd3 21.
Qa4 Rc7 22. Nd5 b5 23. Qa3 Rd7 24. Nxe7+ Kh8 25. Rad1 Qe4 26. Nxg6+ hxg6 27.
Qc1 Rd5 28. Qb1 Qg4 29. Qc2 Re8 30. Qc6 Qe4 31. Qc1 Bh6 32. Qb1 Qxb1 33. Rxb1
Rxe3 34. Kf2 Rxe1 35. Rxe1 Rxd4 36. Kf3 b4 37. Re8+ Kg7 38. Ra8 Bc1 39. Rc8 Bd2
40. Rc2 Bg5 41. Rc6 Rd3+ 42. Kg4 Be7 43. Rc2 f5+ 44. Kf4 Kf6 0-1

[Event "Festival INGEM - PLZEŇ 2013"]
[Site "Plzeň (Česká republika)"]
[Date "2013.08.21"]
[Round "6.11"]
[White "Kozak, Milos"]
[Black "Stengl, Jaroslav"]
[Result "1/2-1/2"]
[WhiteElo "2178"]
[BlackElo "1990"]
[PlyCount "41"]
[EventDate "2013.08.17"]
[Source "ChessBase"]
[SourceDate "1996.11.15"]

1. c4 Nf6 2. Nf3 Nc6 3. Nc3 e5 4. g3 Bc5 5. Bg2 d6 6. O-O O-O 7. d3 h6 8. Na4
Be6 9. Nxc5 dxc5 10. b3 Qd6 11. Bb2 Rad8 12. Nd2 Bg4 13. Re1 Rfe8 14. a3 b6 15.
f3 Bh5 16. Bc3 a5 17. Qc2 Bg6 18. Qb2 Nh5 19. Rf1 f5 20. Rae1 f4 21. g4 1/2-1/2

[Event "Festival INGEM - PLZEŇ 2013"]
[Site "Plzeň (Česká republika)"]
[Date "2013.08.21"]
[Round "6.12"]
[White "Eretova, Jana"]
[Black "Cecil, Pavel"]
[Result "1-0"]
[WhiteElo "2093"]
[BlackElo "1941"]
[PlyCount "55"]
[EventDate "2013.08.17"]
[Source "ChessBase"]
[SourceDate "1996.11.15"]

1. e4 e6 2. d4 d5 3. e5 c5 4. c3 Qb6 5. Nf3 Bd7 6. Be2 Bb5 7. c4 Bxc4 8. Bxc4
Qb4+ 9. Nbd2 dxc4 10. a3 Qa5 11. O-O cxd4 12. Nxc4 Qc7 13. Qxd4 Nc6 14. Qe4 Rd8
15. Bf4 Be7 16. b4 a6 17. Rac1 Qd7 18. Rfe1 Kf8 19. Nd6 Bxd6 20. Red1 g6 21.
Rxd6 Qc7 22. a4 Rxd6 23. exd6 Qd8 24. b5 axb5 25. axb5 Na5 26. Ne5 f5 27. Qb4
Kg7 28. Rc7+ 1-0

[Event "Festival INGEM - PLZEŇ 2013"]
[Site "Plzeň (Česká republika)"]
[Date "2013.08.21"]
[Round "6.13"]
[White "Janska, Jitka"]
[Black "Kopriva, Petr"]
[Result "0-1"]
[WhiteElo "1939"]
[BlackElo "2061"]
[PlyCount "60"]
[EventDate "2013.08.17"]
[Source "ChessBase"]
[SourceDate "1996.11.15"]

1. e4 c5 2. Nf3 d6 3. d4 cxd4 4. Nxd4 Nf6 5. Nc3 a6 6. Be2 e6 7. O-O Qc7 8. f4
Be7 9. Bf3 O-O 10. Kh1 Bd7 11. g4 h6 12. h4 Nc6 13. g5 hxg5 14. hxg5 Nh7 15.
Rg1 Rfe8 16. Be3 Rac8 17. f5 Nxd4 18. Qxd4 Qc4 19. g6 Nf6 20. Qd2 exf5 21. Bh6
Bf8 22. Qg5 fxg6 23. Nd5 Nxd5 24. exd5 Re7 25. b3 Qc3 26. Qg2 gxh6 27. Qxg6+
Rg7 28. Qh5 Re8 29. Rac1 f4 30. Rcd1 Re5 0-1

[Event "Festival INGEM - PLZEŇ 2013"]
[Site "Plzeň (Česká republika)"]
[Date "2013.08.21"]
[Round "6.14"]
[White "Sura, Jaroslav"]
[Black "Halla, Jiri"]
[Result "1-0"]
[WhiteElo "2050"]
[BlackElo "1816"]
[PlyCount "65"]
[EventDate "2013.08.17"]
[Source "ChessBase"]
[SourceDate "1996.11.15"]

1. e4 e6 2. Qe2 c5 3. f4 Nc6 4. Nf3 Be7 5. g3 d5 6. d3 b6 7. Bg2 Bb7 8. O-O
dxe4 9. dxe4 Nf6 10. e5 Ng4 11. h3 Nh6 12. Rd1 Qc7 13. Nc3 Rd8 14. Rxd8+ Qxd8
15. g4 Qc8 16. Ne4 O-O 17. Neg5 Nd4 18. Nxd4 cxd4 19. Qd3 g6 20. Bxb7 Qxb7 21.
Ne4 Kg7 22. Bd2 Ng8 23. Rf1 f5 24. exf6+ Nxf6 25. Ng5 Qd7 26. Re1 Re8 27. Nxe6+
Kh8 28. Ng5 Rf8 29. Ne6 Rf7 30. Qb3 Kg8 31. Ng5 Nd5 32. Nxf7 Kxf7 33. Re5 1-0

[Event "Festival INGEM - PLZEŇ 2013"]
[Site "Plzeň (Česká republika)"]
[Date "2013.08.21"]
[Round "6.15"]
[White "Mares, Vaclav"]
[Black "Simet, Martin"]
[Result "1/2-1/2"]
[WhiteElo "2010"]
[BlackElo "1708"]
[PlyCount "41"]
[EventDate "2013.08.17"]
[Source "ChessBase"]
[SourceDate "1996.11.15"]

1. e4 c5 2. Nf3 d6 3. d4 cxd4 4. Nxd4 Nf6 5. Nc3 g6 6. f4 Bg7 7. e5 dxe5 8.
fxe5 Nfd7 9. e6 Ne5 10. Bb5+ Nbc6 11. exf7+ Kxf7 12. O-O+ Bf6 13. Nxc6 bxc6 14.
Qe2 Kg7 15. Ba4 Bf5 16. Bf4 Qb6+ 17. Kh1 Nf7 18. Bb3 h5 19. Qc4 Raf8 20. Na4
Qb5 21. c3 1/2-1/2

[Event "Festival INGEM - PLZEŇ 2013"]
[Site "Plzeň (Česká republika)"]
[Date "2013.08.21"]
[Round "6.17"]
[White "Berka, Lubos"]
[Black "Palkova, Hana"]
[Result "1/2-1/2"]
[WhiteElo "1800"]
[BlackElo "1992"]
[PlyCount "25"]
[EventDate "2013.08.17"]
[Source "ChessBase"]
[SourceDate "1996.11.15"]

1. e4 c5 2. Nc3 e6 3. g3 Nc6 4. Bg2 a6 5. d3 Nf6 6. Bf4 d6 7. Nge2 Be7 8. O-O
O-O 9. a3 e5 10. Bd2 b5 11. f4 Qb6 12. Nd5 Qa7 13. Nxe7+ 1/2-1/2

[Event "Festival INGEM - PLZEŇ 2013"]
[Site "Plzeň (Česká republika)"]
[Date "2013.08.21"]
[Round "6.19"]
[White "Gabrys, Lukas"]
[Black "Hajek, Jiri"]
[Result "1/2-1/2"]
[WhiteElo "1759"]
[BlackElo "1879"]
[PlyCount "87"]
[EventDate "2013.08.17"]
[Source "ChessBase"]
[SourceDate "1996.11.15"]

1. d4 Nf6 2. c4 g6 3. Nc3 Bg7 4. e4 d6 5. Nf3 Bg4 6. Be2 O-O 7. h3 Bxf3 8. Bxf3
Nfd7 9. O-O Nc6 10. Be3 e5 11. d5 Nd4 12. Rc1 Nxf3+ 13. Qxf3 f5 14. b4 f4 15.
Bd2 a5 16. a3 axb4 17. axb4 Nf6 18. c5 Qd7 19. c6 bxc6 20. dxc6 Qe6 21. Nd5
Nxd5 22. exd5 e4 23. Qb3 Qf5 24. Bc3 Bxc3 25. Rxc3 Qh5 26. Qc4 Rae8 27. Re1 Qf5
28. Ra3 h5 29. f3 exf3 30. Rxe8 Rxe8 31. Rxf3 Qb1+ 32. Rf1 Re1 33. Qxf4 Rxf1+
34. Qxf1 Qxb4 35. Qf6 Qc5+ 36. Kh2 Qxd5 37. Qd8+ Kg7 38. Qxc7+ Kh6 39. Qb6 Qe5+
40. Kh1 Qe1+ 41. Qg1 Qc3 42. Qb6 Qe1+ 43. Kh2 Qe5+ 44. Kg1 1/2-1/2

[Event "Festival INGEM - PLZEŇ 2013"]
[Site "Plzeň (Česká republika)"]
[Date "2013.08.21"]
[Round "6.20"]
[White "Holy, Filip"]
[Black "Roew, Rolf"]
[Result "1/2-1/2"]
[WhiteElo "1660"]
[BlackElo "1819"]
[PlyCount "101"]
[EventDate "2013.08.17"]
[Source "ChessBase"]
[SourceDate "1996.11.15"]

1. e4 e5 2. Nf3 Nc6 3. Nc3 Nf6 4. d4 Bb4 5. d5 Ne7 6. Bd3 d6 7. Bd2 O-O 8. Qe2
c6 9. dxc6 Nxc6 10. h3 Be6 11. O-O Qe7 12. a3 Ba5 13. Rfe1 Rac8 14. Rad1 Rfd8
15. b4 Bb6 16. Na4 Nd4 17. Nxd4 Bxd4 18. c3 Bb3 19. cxd4 Bxa4 20. dxe5 dxe5 21.
Rc1 Qd7 22. Rxc8 Rxc8 23. Rc1 Rd8 24. Rc3 h6 25. Be3 a6 26. Bb6 Rc8 27. Rxc8+
Qxc8 28. Bc5 Bc6 29. Qc2 Qd7 30. Bb6 Ne8 31. f3 Nd6 32. Kf2 f6 33. Qb3+ Kh8 34.
Bc5 Nb5 35. a4 Nd4 36. Bxd4 Qxd4+ 37. Ke2 Qg1 38. g4 Qh2+ 39. Ke3 Qf4+ 40. Kf2
Qd2+ 41. Kf1 Bxa4 42. Qxa4 Qxd3+ 43. Kf2 Qd2+ 44. Kg3 Qd6 45. h4 g5 46. Qe8+
Kg7 47. h5 Qf8 48. Qg6+ Kh8 49. Kf2 Qg7 50. Qe8+ Qg8 51. Qe7 1/2-1/2

[Event "Festival INGEM - PLZEŇ 2013"]
[Site "Plzeň (Česká republika)"]
[Date "2013.08.21"]
[Round "6.21"]
[White "Kopriva, Martin"]
[Black "Stanek, Vaclav"]
[Result "1-0"]
[WhiteElo "1816"]
[BlackElo "1645"]
[PlyCount "53"]
[EventDate "2013.08.17"]
[Source "ChessBase"]
[SourceDate "1996.11.15"]

1. e4 d6 2. d4 Nf6 3. Nc3 g6 4. f4 Bg7 5. Nf3 Bg4 6. Be3 Nfd7 7. h3 Bxf3 8.
Qxf3 c6 9. O-O-O b5 10. h4 b4 11. Ne2 Qa5 12. Kb1 h5 13. g4 Nf6 14. g5 Nfd7 15.
Ng3 e6 16. Bd3 Qb6 17. d5 c5 18. dxe6 fxe6 19. e5 d5 20. Bxg6+ Ke7 21. Nxh5 Nf8
22. Bd3 Kf7 23. f5 Bxe5 24. fxe6+ Kxe6 25. Bf5+ Ke7 26. Qxd5 Qc6 27. Qxe5+ 1-0

[Event "Festival INGEM - PLZEŇ 2013"]
[Site "Plzeň (Česká republika)"]
[Date "2013.08.21"]
[Round "6.23"]
[White "Truksa, Vaclav"]
[Black "Stancik, Jakub"]
[Result "1/2-1/2"]
[WhiteElo "1637"]
[BlackElo "1895"]
[PlyCount "114"]
[EventDate "2013.08.17"]
[Source "ChessBase"]
[SourceDate "1996.11.15"]

1. e4 e5 2. Nf3 Nc6 3. Bb5 a6 4. Bxc6 dxc6 5. d4 exd4 6. Qxd4 Qxd4 7. Nxd4 Bd7
8. Nc3 Bd6 9. Be3 Ne7 10. O-O-O O-O-O 11. Nb3 Kb8 12. Nc5 Bc8 13. Nb3 b6 14. f4
f6 15. g3 Rhe8 16. Rd2 Bb4 17. Rxd8 Rxd8 18. Rd1 Re8 19. Na4 Ng6 20. f5 Ne5 21.
a3 Bf8 22. Nc3 Ng4 23. Bg1 c5 24. h3 Ne5 25. Be3 Nc6 26. g4 Bd6 27. Nd2 Ne5 28.
g5 Nf7 29. gxf6 gxf6 30. Nd5 Be7 31. Rg1 Bb7 32. Nxe7 Rxe7 33. Rg7 h5 34. Bf4
Kc8 35. Rg6 Bxe4 36. Nxe4 Rxe4 37. Bd2 Rh4 38. Rxf6 Rxh3 39. Bf4 Rf3 40. Rxf7
Rxf4 41. f6 h4 42. Rh7 Rxf6 43. Rxh4 Kd7 44. Kd2 Kc6 45. Rh7 b5 46. Rh4 a5 47.
Rh5 Rd6+ 48. Kc3 Kb6 49. Kb3 Re6 50. Rh3 Re4 51. c3 b4 52. axb4 cxb4 53. c4 Re5
54. Rh8 Kc5 55. Rc8 c6 56. Ra8 Kd4 57. Rd8+ Kc5 1/2-1/2

[Event "Festival INGEM - PLZEŇ 2013"]
[Site "Plzeň (Česká republika)"]
[Date "2013.08.21"]
[Round "6.24"]
[White "Sladek, Jaroslav"]
[Black "Kovarik, Matyas"]
[Result "1-0"]
[WhiteElo "2034"]
[BlackElo "1562"]
[Annotator "Petr,Herejk"]
[PlyCount "31"]
[EventDate "2013.08.17"]
[Source "ChessBase"]
[SourceDate "1996.11.15"]

1. e4 e6 2. Nf3 d5 3. e5 c5 4. b4 cxb4 5. d4 Ne7 6. a3 bxa3 7. Bxa3 Ng6 8. g3
Nc6 9. h4 Bxa3 10. Rxa3 Nge7 11. c3 O-O 12. Bd3 Bd7 {Diagram #} 13. Bxh7+ Kxh7
14. Ng5+ Kg6 15. h5+ Kxg5 16. Qd2+ 1-0

[Event "Festival INGEM - PLZEŇ 2013"]
[Site "Plzeň (Česká republika)"]
[Date "2013.08.21"]
[Round "6.25"]
[White "Novy, Daniel"]
[Black "Zach, Tomas"]
[Result "1-0"]
[WhiteElo "2021"]
[BlackElo "1644"]
[PlyCount "73"]
[EventDate "2013.08.17"]
[Source "ChessBase"]
[SourceDate "1996.11.15"]

1. e4 e5 2. Nf3 Nc6 3. d4 exd4 4. Nxd4 Nxd4 5. Qxd4 d6 6. Bc4 Be6 7. Nc3 Qf6 8.
Qd3 c6 9. Be3 Bxc4 10. Qxc4 Qe6 11. Qd3 Be7 12. O-O Bf6 13. f4 Bxc3 14. Qxc3 f6
15. Rfe1 Ne7 16. Rad1 O-O 17. Bf2 Rfd8 18. a4 b6 19. Rd3 Rd7 20. Bg3 Rad8 21.
Qd2 Nc8 22. f5 Qe7 23. Bf4 Qf8 24. g4 h6 25. Qc3 c5 26. Qd2 a5 27. h4 Qf7 28.
Rd5 Qe7 29. g5 Na7 30. gxh6 gxh6 31. Kh2 Kh7 32. Qe2 Qf7 33. Rg1 Rg8 34. Rdd1
d5 35. exd5 Rxd5 36. Rxd5 Qxd5 37. Qe7+ 1-0

[Event "Festival INGEM - PLZEŇ 2013"]
[Site "Plzeň (Česká republika)"]
[Date "2013.08.21"]
[Round "6.33"]
[White "Zoubek, Vladimir"]
[Black "Bruna, Martin"]
[Result "0-1"]
[WhiteElo "1675"]
[BlackElo "1435"]
[PlyCount "124"]
[EventDate "2013.08.17"]
[Source "ChessBase"]
[SourceDate "1996.11.15"]

1. d4 Nf6 2. c4 g6 3. Nc3 Bg7 4. e4 d6 5. Be2 O-O 6. Bg5 Na6 7. h3 c5 8. d5 Nc7
9. Nf3 a6 10. a4 Nd7 11. Qd2 Ne5 12. Bh6 Nxf3+ 13. Bxf3 e5 14. Bxg7 Kxg7 15. a5
Rb8 16. O-O b5 17. axb6 Rxb6 18. Ra5 Rb4 19. Be2 Nxd5 20. Nxd5 Qxa5 21. Nxb4
Qxb4 22. Qxb4 cxb4 23. b3 f5 24. Rd1 Rf6 25. f3 fxe4 26. fxe4 Bb7 27. Bf3 Kf7
28. c5 Ke7 29. Rc1 Kd7 30. Rc4 a5 31. Bg4+ Kc6 32. cxd6+ Kxd6 33. Bf3 Bc6 34.
Rc1 a4 35. bxa4 Bxa4 36. Rc4 b3 37. Rxa4 Kc5 38. Ra1 Rb6 39. Kf2 b2 40. Rb1 Kc4
41. Bd1 Kc3 42. Kg3 Rd6 43. Bf3 Kc2 44. Rxb2+ Kxb2 45. h4 h5 46. Kh3 Rd3 47.
Kg3 Kc3 48. Kf2 Kd4 49. Ke2 Re3+ 50. Kf2 Rxe4 51. Bxe4 Kxe4 52. g3 Kd3 53. Ke1
Ke3 54. Kf1 Kd2 55. Kf2 e4 56. Kg2 e3 57. Kf3 e2 58. g4 e1=Q 59. gxh5 Qe2+ 60.
Kg3 Ke3 61. hxg6 Qf2+ 62. Kh3 Kf4 0-1

[Event "Festival INGEM - PLZEŇ 2013"]
[Site "Plzeň (Česká republika)"]
[Date "2013.08.21"]
[Round "6.34"]
[White "Smrckova, Svetlana"]
[Black "Kellner, Rene"]
[Result "0-1"]
[WhiteElo "1607"]
[BlackElo "1660"]
[PlyCount "111"]
[EventDate "2013.08.17"]
[Source "ChessBase"]
[SourceDate "1996.11.15"]

1. e4 c5 2. Nf3 d6 3. d4 cxd4 4. Nxd4 Nf6 5. Nc3 a6 6. a4 Nbd7 7. f3 e6 8. Bc4
Be7 9. Be3 O-O 10. O-O Qc7 11. Bxe6 fxe6 12. Nxe6 Qc4 13. Nxf8 Nxf8 14. Kh1 Bd7
15. Qe1 Ne6 16. b3 Qc7 17. Rc1 Re8 18. Qd2 b5 19. axb5 axb5 20. Rfd1 Rc8 21.
Ne2 Bc6 22. Ng3 d5 23. exd5 Nxd5 24. Nf5 Bf6 25. Qe1 Qe5 26. c4 bxc4 27. bxc4
Nxe3 28. Nxe3 Bg5 29. Rc3 Nd4 30. Ng4 Qxe1+ 31. Rxe1 Bd2 32. Rce3 Bxe1 33. Rxe1
Nxf3 34. Re6 Ra8 35. gxf3 Bxf3+ 36. Kg1 Bxg4 37. Re4 Bf5 38. Re5 g6 39. Kf2 Ra3
40. c5 Rc3 41. Ke2 Rc2+ 42. Ke3 Rxh2 43. Kd4 Rc2 44. Kd5 h5 45. c6 h4 46. Kd6
h3 47. Re8+ Kg7 48. Re7+ Kf6 49. Rh7 h2 50. c7 Rd2+ 51. Kc6 Kg5 52. Kb7 Kg4 53.
Rh8 Rc2 54. Kb8 Kg3 55. Kb7 h1=Q+ 56. Rxh1 0-1

[Event "Festival INGEM - PLZEŇ 2013"]
[Site "Plzeň (Česká republika)"]
[Date "2013.08.21"]
[Round "6.37"]
[White "Jesensky, Jaromir"]
[Black "Novy, Jan"]
[Result "0-1"]
[WhiteElo "1578"]
[BlackElo "1727"]
[PlyCount "42"]
[EventDate "2013.08.17"]
[Source "ChessBase"]
[SourceDate "1996.11.15"]

1. e4 g6 2. d4 Bg7 3. Nc3 d6 4. Be3 Nf6 5. Qd2 c6 6. Be2 b5 7. Nf3 b4 8. Nd1
Nxe4 9. Qxb4 a5 10. Qa4 O-O 11. c3 Qc7 12. Bf4 Bb7 13. Qc2 c5 14. Bd3 Nf6 15.
Qe2 Nbd7 16. Ne3 Nh5 17. Bg5 f6 18. Bh4 cxd4 19. Nxd4 Nf4 20. Bc4+ d5 21. Qf3
dxc4 0-1

[Event "Festival INGEM - PLZEŇ 2013"]
[Site "Plzeň (Česká republika)"]
[Date "2013.08.22"]
[Round "7.2"]
[White "Chudinovskikh, Alexander M"]
[Black "Haba, Zdenek"]
[Result "1-0"]
[WhiteElo "2320"]
[BlackElo "2241"]
[PlyCount "97"]
[EventDate "2013.08.17"]
[Source "ChessBase"]
[SourceDate "1996.11.15"]

1. d4 d5 2. Nf3 c6 3. c4 e6 4. Bg5 f6 5. Bf4 f5 6. e3 Nf6 7. Bd3 Be7 8. h3 O-O
9. O-O Ne4 10. Nbd2 Nd7 11. Rc1 g5 12. Bh2 Qe8 13. Ne5 Nxe5 14. Bxe5 Qg6 15. f3
Nxd2 16. Qxd2 Bf6 17. Bxf6 Qxf6 18. Bb1 b6 19. c5 Bd7 20. e4 dxe4 21. fxe4 Rad8
22. g4 f4 23. e5 Qh6 24. Rf3 Be8 25. Be4 Qg7 26. Qf2 b5 27. Rd1 a5 28. Qg2 Qc7
29. Rf2 Kg7 30. Rfd2 h6 31. Kh2 Rd5 32. Bxd5 exd5 33. Qf3 Bg6 34. Re1 Qf7 35.
e6 Qf6 36. Re5 Re8 37. Rde2 Re7 38. Kg1 Bh7 39. Kf2 Bg8 40. Qc3 a4 41. Rf5 Qg6
42. Qa5 Rxe6 43. Qc7+ Bf7 44. Ree5 Rf6 45. Rxf6 Qxf6 46. Qd6 h5 47. gxh5 Bxh5
48. h4 g4 49. Qxf6+ 1-0

[Event "Festival INGEM - PLZEŇ 2013"]
[Site "Plzeň (Česká republika)"]
[Date "2013.08.22"]
[Round "7.3"]
[White "Siembab, Bartosz"]
[Black "Vlasak, Lukas"]
[Result "1/2-1/2"]
[WhiteElo "2223"]
[BlackElo "2339"]
[PlyCount "30"]
[EventDate "2013.08.17"]
[Source "ChessBase"]
[SourceDate "1996.11.15"]

1. d4 Nf6 2. c4 e6 3. Nf3 d5 4. Nc3 Be7 5. Bf4 O-O 6. Rc1 c6 7. cxd5 exd5 8. e3
Bd6 9. Bxd6 Qxd6 10. Ne5 Nfd7 11. Nxd7 Nxd7 12. Be2 Nf6 13. O-O Re8 14. a3 Bd7
15. Re1 Ne4 1/2-1/2

[Event "Festival INGEM - PLZEŇ 2013"]
[Site "Plzeň (Česká republika)"]
[Date "2013.08.22"]
[Round "7.4"]
[White "Folk, Petr"]
[Black "Kireev, Aleksei"]
[Result "1/2-1/2"]
[WhiteElo "2218"]
[BlackElo "2337"]
[PlyCount "86"]
[EventDate "2013.08.17"]
[Source "ChessBase"]
[SourceDate "1996.11.15"]

1. e4 d6 2. d4 g6 3. Nc3 c6 4. f4 d5 5. e5 h5 6. Nf3 Nh6 7. Be3 Bg4 8. h3 Nf5
9. Bf2 Bxf3 10. Qxf3 h4 11. Bd3 e6 12. O-O Nd7 13. Ne2 a5 14. b3 Ba3 15. c4 Kf8
16. Kh2 Kg7 17. Rab1 Qe7 18. Rg1 Rh6 19. Rgd1 Qd8 20. Rd2 Nb6 21. Rc2 Kg8 22.
Rd1 Ng7 23. c5 Nd7 24. Nc3 b6 25. cxb6 Qxb6 26. Na4 Qb7 27. Qg4 Nf5 28. Qe2 Kg7
29. Qe1 Bb4 30. Qe2 Rhh8 31. Rdc1 Ba3 32. Rg1 Be7 33. Rgc1 Ba3 34. Rg1 Nb6 35.
Nc5 Qe7 36. Rb1 Ra7 37. Qe1 Bb4 38. Qc1 Nd7 39. Nxd7 Ba3 40. Qe1 Bb4 41. Qc1
Ba3 42. Qe1 Bb4 43. Qc1 Ba3 1/2-1/2

[Event "Festival INGEM - PLZEŇ 2013"]
[Site "Plzeň (Česká republika)"]
[Date "2013.08.22"]
[Round "7.5"]
[White "Sabuk, Piotr"]
[Black "Docekal, Jan"]
[Result "1-0"]
[WhiteElo "2239"]
[BlackElo "2306"]
[PlyCount "115"]
[EventDate "2013.08.17"]
[Source "ChessBase"]
[SourceDate "1996.11.15"]

1. d4 c5 2. d5 g6 3. c4 Bg7 4. Nc3 d6 5. e4 Nf6 6. Nge2 O-O 7. Ng3 Na6 8. Be2
Nc7 9. O-O a6 10. a4 b6 11. Be3 Rb8 12. Rb1 h5 13. f3 Bd7 14. Qd2 b5 15. Bh6 b4
16. Nd1 h4 17. Nh1 Bxa4 18. Nhf2 Bd7 19. Bxg7 Kxg7 20. f4 Rh8 21. e5 Nh5 22.
Bd3 Qc8 23. Ne4 Ne8 24. Ne3 Rb6 25. Rbe1 e6 26. Ng5 Qd8 27. dxe6 fxe6 28. Ng4
Rf8 29. f5 dxe5 30. Nxe6+ Bxe6 31. Qh6+ Kg8 32. fxe6 Qd4+ 33. Kh1 Rf4 34. Bxg6
Nhg7 35. e7 Rxg6 36. Qxg6 Qxc4 37. Rxf4 Qxf4 38. Nh6+ Kh8 39. Nf7+ Kg8 40. Nh6+
Kh8 41. Nf7+ Kg8 42. Ng5 Qf5 43. Qxf5 Nxf5 44. Rxe5 Nfd6 45. Rxc5 Kg7 46. Rc6
a5 47. Ra6 b3 48. Rxa5 Kf6 49. Nh3 Nc4 50. Rb5 Nxb2 51. Rxb3 Nc4 52. Rb4 Ne5
53. Rxh4 Kxe7 54. Re4 Nf6 55. Nf4 Nfd7 56. g3 Kf6 57. Kg2 Nc5 58. Rc4 1-0

[Event "Festival INGEM - PLZEŇ 2013"]
[Site "Plzeň (Česká republika)"]
[Date "2013.08.22"]
[Round "7.6"]
[White "Kopriva, Petr"]
[Black "Bartos, Jan"]
[Result "0-1"]
[WhiteElo "2061"]
[BlackElo "2265"]
[PlyCount "128"]
[EventDate "2013.08.17"]
[Source "ChessBase"]
[SourceDate "1996.11.15"]

1. Nf3 f5 2. c4 Nf6 3. g3 g6 4. Bg2 Bg7 5. Nc3 O-O 6. O-O d6 7. d4 Nc6 8. d5
Na5 9. Nd2 c5 10. Qc2 e5 11. dxe6 Bxe6 12. b3 d5 13. cxd5 Nxd5 14. Bb2 Nb4 15.
Qc1 Rc8 16. Nb5 Bxb2 17. Qxb2 a6 18. Na3 b5 19. Rfd1 Qe7 20. Rac1 Nac6 21. Nf3
f4 22. Nb1 fxg3 23. hxg3 Nd5 24. Rd2 Nf6 25. Ne5 Nxe5 26. Qxe5 Ng4 27. Qxe6+
Qxe6 28. Bd5 Qxd5 29. Rxd5 Nxf2 30. Rdxc5 Rxc5 31. Rxc5 Ne4 32. Re5 Nxg3 33.
Kg2 Nh5 34. Nc3 Rc8 35. Nd5 Rc2 36. Nb4 Rb2 37. Nxa6 Rxa2 38. Nc7 b4 39. Nd5
Rb2 40. Re3 Kf7 41. Kf3 Ng7 42. Nxb4 Nf5 43. Rd3 Rxb3 44. Rxb3 Nd4+ 45. Kf4
Nxb3 46. Nd3 Kf6 47. e4 g5+ 48. Kg4 Nd2 49. Kh5 Nxe4 50. Kh6 g4 51. Kxh7 Kg5
52. Kg7 Nd2 53. Kh7 g3 54. Ne1 Nf1 55. Kg7 Ne3 56. Kf7 Nf5 57. Ke6 Kf4 58. Ng2+
Kf3 59. Ne1+ Ke2 60. Ng2 Kf3 61. Ne1+ Kf2 62. Nd3+ Ke3 63. Ne1 Nh4 64. Nc2+ Kf2
0-1

[Event "Festival INGEM - PLZEŇ 2013"]
[Site "Plzeň (Česká republika)"]
[Date "2013.08.22"]
[Round "7.7"]
[White "Klement, Lukas"]
[Black "Eretova, Jana"]
[Result "0-1"]
[WhiteElo "2241"]
[BlackElo "2093"]
[PlyCount "86"]
[EventDate "2013.08.17"]
[Source "ChessBase"]
[SourceDate "1996.11.15"]

1. e4 d6 2. d4 Nf6 3. Nc3 e5 4. Nf3 Nbd7 5. Bc4 Be7 6. O-O O-O 7. h3 c6 8. a4
b6 9. Re1 a6 10. Bg5 Qc7 11. Qe2 Bb7 12. Rad1 b5 13. axb5 axb5 14. Bd3 b4 15.
Nb1 Qb6 16. Be3 c5 17. d5 Ba6 18. Nbd2 Bxd3 19. cxd3 Ra2 20. Rb1 Qa6 21. g4 Nb6
22. Bg5 Na4 23. Ra1 Nc3 24. Qf1 Rxa1 25. Rxa1 Ne2+ 26. Kg2 Qxd3 27. Re1 Nf4+
28. Bxf4 Qxf1+ 29. Kxf1 exf4 30. Nc4 Ra8 31. e5 Ne8 32. Re4 dxe5 33. Rxe5 Kf8
34. Rf5 Nd6 35. Nxd6 Bxd6 36. Nd2 g6 37. Rf6 Ke7 38. g5 Be5 39. Rc6 Bd6 40. Ne4
f3 41. Ke1 Bf4 42. Kd1 b3 43. d6+ Kd8 0-1

[Event "Festival INGEM - PLZEŇ 2013"]
[Site "Plzeň (Česká republika)"]
[Date "2013.08.22"]
[Round "7.8"]
[White "Simunek, Filip"]
[Black "Fiala, Jaroslav"]
[Result "1/2-1/2"]
[WhiteElo "2129"]
[BlackElo "2193"]
[PlyCount "67"]
[EventDate "2013.08.17"]
[Source "ChessBase"]
[SourceDate "1996.11.15"]

1. d4 e6 2. c4 Bb4+ 3. Nd2 b6 4. a3 Bxd2+ 5. Bxd2 Bb7 6. e3 f5 7. Nh3 Nf6 8. f3
O-O 9. Bd3 c5 10. O-O Nh5 11. b4 d6 12. Bc3 Nd7 13. Qc2 Rc8 14. Rad1 Qe7 15.
Qb2 Ba6 16. dxc5 bxc5 17. b5 Bb7 18. Be2 Nb6 19. Qc2 d5 20. Be5 Nf6 21. a4 Nfd7
22. Bb2 Nxc4 23. Bxc4 dxc4 24. Qxc4 Nb6 25. Qc2 Nd5 26. Rfe1 c4 27. Nf4 Rfd8
28. Nxd5 Bxd5 29. Qc3 Rd7 30. Ba3 Qg5 31. Kh1 Rf7 32. Bd6 Qg6 33. Be5 h5 34.
Rd4 1/2-1/2

[Event "Festival INGEM - PLZEŇ 2013"]
[Site "Plzeň (Česká republika)"]
[Date "2013.08.22"]
[Round "7.10"]
[White "Goldobin, Tomas"]
[Black "Sura, Jaroslav"]
[Result "1/2-1/2"]
[WhiteElo "2019"]
[BlackElo "2050"]
[PlyCount "33"]
[EventDate "2013.08.17"]
[Source "ChessBase"]
[SourceDate "1996.11.15"]

1. e4 e5 2. Nf3 Nc6 3. Nc3 Nf6 4. d4 exd4 5. Nxd4 Bb4 6. Nxc6 Bxc3+ 7. bxc3
dxc6 8. Qxd8+ Kxd8 9. Bg5 h6 10. O-O-O+ Ke7 11. Bh4 g5 12. Bg3 Be6 13. Bd3 Ne8
14. a3 Nd6 15. f4 gxf4 16. Bxf4 c5 17. e5 1/2-1/2